Statistiken für Länder mit den meisten Wolkenkratzern

Klicken Sie hier um das Quiz zu spielen!

Allgemein

  • Dieses Quiz wurde 71 mal gespielt
  • Das Durchschnittsergebnis liegt bei 7 aus 9

Antwortstatistiken

AnzahlLand% Korrekt
788Vereinigte Staaten
100%
1969China
99%
249Japan
94%
101Kanada
94%
242Vereinigte Arabische Emirate
82%
218Südkorea
78%
105Australien
72%
101Indonesien
67%
102Thailand
60%

Verteilung der Resultate

Perzentil nach korrekt beantworteten Fragen

Anzahl Personen mit jedem Resultat

Ihre Resultats-Entwicklung

Sie haben dieses Quiz noch nicht gespielt